| 000 | 00682 a2200169 4500 | ||
|---|---|---|---|
| 008 | 100629t xxu||||| |||| 00| 0 eng d | ||
| 020 | _a1588263495 | ||
| 050 |
_aHD6231 _b.C454 2005 |
||
| 245 |
_aChild labour and human rights: _bmaking children matter/ _cedited by Burns H. Weston |
||
| 260 |
_bLynne, Reinner _c2005 _aLondon |
||
| 300 |
_axxv, 539p.; _c24cm |
||
| 500 | _aIncludes bibliographical references and index | ||
| 650 | _2Child Labour | ||
| 650 | _2Human rights | ||
| 942 |
_cBK _2lcc |
||
| 999 |
_c33402 _d33402 |
||